000 00343nam a2200145Ia 4500
008 191201s2001 xx 000 0 und d
082 _a670.423
_bCHW
100 _aCHAPMAN, W A J
245 0 _aWorkshop Technology Part-3
250 _a3rd
260 _aN.Delhi
_bCBS Publishers
_c2001
300 _a675
650 _aApplied
942 _2ddc
_cBK
999 _c1028
_d1028